Normal view
MARC view
- Yee, Lee Peng Seng, Teh Keng
Entry Personal Name
001 - CONTROL NUMBER
- control field: 61561
003 - CONTROL NUMBER IDENTIFIER
- control field: NUST
005 - DATE AND TIME OF LATEST TRANSACTION
- control field: 20210628202756.0
008 - FIXED-LENGTH DATA ELEMENTS
- fixed length control field: 210628|| aca||aabn | a|a d
040 ## - CATALOGING SOURCE
- Original cataloging agency: NUST
- Transcribing agency: NUST
100 ## - HEADING--PERSONAL NAME
- Personal name: Yee, Lee Peng Seng, Teh Keng
670 ## - SOURCE DATA FOUND
- Source citation: Work cat.: (NUST): Yee, Lee Peng Seng, Teh Keng, Mathematics -1, 2000
